Los amores en Paris (Record no. 159074)

MARC details
000 -LEADER
campo de control de longitud fija 00640nam a22001935i 4500
001 - NÚMERO DE CONTROL
campo de control 159074
003 - IDENTIFICADOR DE NÚMERO DE CONTROL
campo de control ES-MaACL
005 - FECHA Y HORA DE LA ÚLTIMA TRANSACCIÓN
campo de control 20230906211435.0
008 - DATOS DE LONGITUD FIJA--INFORMACIÓN GENERAL
campo de control de longitud fija 040908s1892 sp |||| | spa d
040 ## - FUENTE DE CATALOGACIÓN
Centro catalogador/agencia de origen CAM
Lengua de catalogación spa
Centro/agencia transcriptor CAM
100 1# - ENTRADA PRINCIPAL--NOMBRE DE PERSONA
Nombre de persona Mary, Julio.
9 (RLIN) 129668
245 14 - MENCIÓN DEL TÍTULO
Título Los amores en Paris
Resto del título : versión española /
Mención de responsabilidad, etc. Julio Mary.
260 ## - PUBLICACIÓN, DISTRIBUCIÓN, ETC.
Lugar de publicación, distribución, etc. Madrid :
Nombre del editor, distribuidor, etc. [s.n.],
Fecha de publicación, distribución, etc. 1892 (
Fabricante Imprenta y estereotipia de "El liberal")
300 ## - DESCRIPCIÓN FÍSICA
Extensión 290 p. ;
Dimensiones 26 cm.
490 1# - MENCIÓN DE SERIE
Mención de serie Biblioteca de El Liberal
830 0# - PUNTO DE ACCESO ADICIONAL DE SERIE-TÍTULO UNIFORME
Título uniforme Biblioteca de El Liberal
9 (RLIN) 182077
852 ## - LOCALIZACIÓN
Ubicación ES-MaACL
Número de control de estantería F-8495(1)
Nota libre -- Enc. hol.
-- -- Enc. en un vol. facticio
Holdings
Estatus retirado Estado de pérdida Estado de daño No para préstamo Colección Biblioteca de origen Biblioteca actual Ubicación en estantería Fecha de adquisición Fuente de adquisición Total de préstamos Signatura topográfica completa Código de barras Visto por última vez Precio de reemplazo Tipo de ítem Koha
        Libros del s. XIX Biblioteca del Ateneo de Madrid Biblioteca del Ateneo de Madrid Sala Pecera Planta 2 17/01/2008     F-8495(1) 1166527 23/02/2023 23/02/2023 Libro impreso antiguo